Les plus grands ports d'Europe - Statistiques

Statistiques générales
  • Ce quiz a été pris 1 208 fois
  • Le résultat moyen est 10 sur 21
Statistiques - réponses
Rang Pays Trafic (Annuel en millions de tonnes) Réponse % Correct
1 Pays Bas 491,1 Rotterdam
95%
7 France 81,9 Marseille
91%
10 France 68,2 Le Havre
89%
5 Pays Bas 98,7 Amsterdam
83%
19 Espagne 45,9 Barcelone
83%
3 Allemagne 138,1 Hambourg
81%
2 Belgique 214,1 Anvers
80%
15 Russie 51,5 Saint Pétersbourg
75%
9 Espagne 69,6 Valence
61%
20 Royaume Uni 45,4 Londres
55%
16 Italie 51,2 Gênes
53%
18 France 46,5 Dunkerque
52%
17 Ukraine 48,5 Odessa
43%
21 Norvège 43,5 Bergen
29%
13 Italie 57,1 Trieste
14%
14 Roumanie 56,3 Constanța
11%
6 Espagne 91,9 Algesiras
8%
8 Allemagne 73,4 Bremerhaven
6%
12 Royaume Uni 59,1 Grimsby/Immingham
2%
4 Russie 128,4 Novorossiïsk
2%
11 Russie 69,6 Primorsk
1%
Aucun quiz correspondant
Distribution des résultats
% des personnes avec chaque résultat
Percentile par nombre de réponses
Votre historique - résultats
Vous n’avez pas pris ce quiz